书目信息 |
| 题名: |
面向对象程序设计导论
|
|
| 作者: | 王申康 , 朱晓芸 编著 | |
| 分册: | ||
| 出版信息: | 杭州 浙江大学出版社 1995.04 |
|
| 页数: | 417页 | |
| 开本: | 16开 | |
| 丛书名: | ||
| 单 册: | ||
| 中图分类: | TP311.1 | |
| 科图分类: | ||
| 主题词: | 软件 | |
| 电子资源: | ||
| ISBN: | 7-308-01409-6 | |
| 000 | 00623nam0 2200205 45 | |
| 001 | 0010081646 | |
| 005 | 20001008161706.2 | |
| 010 | @a7-308-01409-6@d26.00元 | |
| 100 | @a20001008d1995 km y0chiy0120 ea | |
| 101 | 0 | @achi |
| 105 | @a z 000yy | |
| 200 | 1 | @a面向对象程序设计导论@AMian Xiang Dui Xiang Cheng Xu She Ji Dao Lun@f王申康,朱晓芸编著@FWang Shen Kang,Zhu Xiao Yun Bian Zhu |
| 210 | @a杭州@c浙江大学出版社@d1995.04 | |
| 215 | @a417页@d16开 | |
| 606 | 0 | @a软件 |
| 690 | @aTP311.1@v3 | |
| 701 | 0 | @a王申康@4编著 |
| 701 | 0 | @a朱晓芸@4编著 |
| 801 | @aCN@bPftUser@c20001008 | |
| 905 | @b173037-041@dTP311.1@eW383@f5 | |
| 面向对象程序设计导论/王申康,朱晓芸编著.-杭州:浙江大学出版社,1995.04 |
| 417页;16开 |
| ISBN 7-308-01409-6:26.00元 |
| ● |
| 相关链接 |
|
|
|
正题名:面向对象程序设计导论
索取号:TP311.1/W383
 
预约/预借
| 序号 | 登录号 | 条形码 | 馆藏地/架位号 | 状态 | 备注 |
| 1 | 173037 | 201730378 | 自科库301/400A自科库 7排3列5层/ [索取号:TP311.1/W383] | 在馆 | |
| 2 | 173038 | 201730387 | 自科库301/301自科库 102排8列2层/ [索取号:TP311.1/W383] | 在馆 | |
| 3 | 173039 | 201730396 | 自科库301/400A自科库 7排3列5层/ [索取号:TP311.1/W383] | 在馆 | |
| 4 | 173040 | 201730403 | 自科库301/400A自科库 7排3列5层/ [索取号:TP311.1/W383] | 在馆 | |
| 5 | 173041 | 201730412 | 自科二线400A/400A自科库 3排1列3层/ [索取号:TP311.1/W383] | 在馆 |